BIBLIOTECA

SENCICO

Antares iluminación : catálogo general 1999 (Registro nro. 2597)

Detalles MARC
000 -LEADER
fixed length control field 00641nam a2200205Ia 4500
005 - DATE AND TIME OF LATEST TRANSACTION
control field 20251020182547.0
008 - FIXED-LENGTH DATA ELEMENTS--GENERAL INFORMATION
fixed length control field 200515s9999 xx 000 0 und d
082 ## - DEWEY DECIMAL CLASSIFICATION NUMBER
Classification number 749.266/A59
110 ## - MAIN ENTRY--CORPORATE NAME
Corporate name or jurisdiction name as entry element Antares
245 #0 - TITLE STATEMENT
Title Antares iluminación : catálogo general 1999
260 ## - PUBLICATION, DISTRIBUTION, ETC.
Place of publication, distribution, etc. Valencia
260 ## - PUBLICATION, DISTRIBUTION, ETC.
Date of publication, distribution, etc. 1999
300 ## - PHYSICAL DESCRIPTION
Extent 117
520 ## - SUMMARY, ETC.
Summary, etc. Catálogos de productos de Antares Iluminación, lámparas, focos, proyectores y sistemas de suspensión, todo para el diseño de sistemas de iluminación de alta calidad
650 ## - SUBJECT ADDED ENTRY--TOPICAL TERM
Topical term or geographic name entry element CATALOGOS
650 ## - SUBJECT ADDED ENTRY--TOPICAL TERM
Topical term or geographic name entry element ILUMINACION
650 ## - SUBJECT ADDED ENTRY--TOPICAL TERM
Topical term or geographic name entry element LAMPARAS HALOGENAS
650 ## - SUBJECT ADDED ENTRY--TOPICAL TERM
Topical term or geographic name entry element LUMINOTECNIA
942 ## - ADDED ENTRY ELEMENTS (KOHA)
Koha item type Libros
Existencias
Fecha de la última vez que lo usaron Pago total Signatura topográfica completa Código de barras Precio efectivo desde Tipo de documento Estado perdido Estado dañado No es para préstamo Retirado Ubicación permanente Ubicación actual Fecha de adquisición
15/05/2020   749.266/A59 Bib-Lima15052597 15/05/2020 Libros         Biblioteca Central Lima Biblioteca Central Lima 15/05/2020